|
|
|
|
| LEADER |
00000nam0a2200000 4500 |
| 001 |
194790 |
| 005 |
20231031182441.0 |
| 010 |
|
|
|a 5020032026
|
| 035 |
|
|
|a (RuTPU)RU\TPU\book\212466
|
| 090 |
|
|
|a 194790
|
| 100 |
|
|
|a 20110422d1990 m y0rusy50 ca
|
| 101 |
0 |
|
|a rus
|
| 102 |
|
|
|a RU
|
| 105 |
|
|
|a a z 001zy
|
| 200 |
1 |
|
|a Магматизм Земли и Луны
|e опыт сравнительного анализа
|f Академия наук СССР (АН СССР), Институт геологии рудных месторождений, петрографии, минералогии и геохимии (ИГЕМ) ; под ред. Е. В. Шаркова
|
| 210 |
|
|
|a Москва
|c Наука
|d 1990
|
| 215 |
|
|
|a 211с.
|c ил.
|
| 225 |
1 |
|
|a Литература по геологии
|
| 320 |
|
|
|a Библиогр.: с. 205-211.
|
| 610 |
1 |
|
|a Земля
|
| 610 |
1 |
|
|a Луна
|
| 610 |
1 |
|
|a магматизм
|
| 610 |
1 |
|
|a сравнительный анализ
|
| 610 |
1 |
|
|a горные породы
|
| 610 |
1 |
|
|a образование
|
| 675 |
|
|
|a 552.3
|v 3
|
| 675 |
|
|
|a 523.34
|v 3
|
| 702 |
|
1 |
|a Шарков
|b Е. В.
|4 340
|
| 712 |
0 |
2 |
|a Академия наук СССР (АН СССР)
|b Институт геологии рудных месторождений, петрографии, минералогии и геохимии (ИГЕМ)
|c (Москва)
|2 stltpush
|3 (RuTPU)RU\TPU\col\11398
|
| 801 |
|
1 |
|a RU
|b 63413507
|c 20110422
|
| 801 |
|
2 |
|a RU
|b 63413507
|c 20210301
|g RCR
|
| 942 |
|
|
|c BK
|